000 00443nam a2200181Ia 4500
001 21204
005 20260306172902.0
008 260306t2015||||xx |||||||||||||| ||spa||
041 _aESP
082 _a344.2
_bP26
100 _aPariona Arana, Raúl;
_eAUT
245 0 _aTeoría del delito:
_bproblemas fundamentales
260 _c2015
300 _a476 páginas :
_c24 cm.
650 _aGEN
654 _aCDE
942 _cLIB
_dJUS
_fJUS
_2ddc
_n
999 _c21204
_d21204